Связь нефтенасыщения карбонатных коллекторов с процессами формирования пустотного пространства (на примере древних отложений Восточной Сибири); Известия Томского политехнического университета [Известия ТПУ]; Т. 323, № 1 : Науки о Земле

Bibliografiske detaljer
Parent link:Известия Томского политехнического университета [Известия ТПУ]/ Томский политехнический университет (ТПУ).— , 2000-
Т. 323, № 1 : Науки о Земле.— 2013.— [С. 93-98]
Hovedforfatter: Лемешко М. Н. Мария Николаевна
Andre forfattere: Жуковская Е. А. Елена Анатольевна, Вараксина И. В. Ирина Валерьевна
Summary:Заглавие с титульного листа
Электронная версия печатной публикации
Определены и охарактеризованы литогенетические типы венд-кембрийских отложений усть-кутского горизонта скважины В, кратко описаны условия их осадконакопления, проведена оценка нефтенасыщения пород по результатам люминесцентно-микроскопического анализа. При помощи специализированного программного обеспечения "Керн С7" по петрографическим шлифам выделено 3 интервала повышенной пористости. Рассмотрена связь нефтенасыщения с литогенетическими типами карбонатных пород, фильтрационно-емкостными свойствами и вторичными процессами преобразования отложений.
Sprog:russisk
Udgivet: 2013
Serier:Литология
Fag:
Online adgang:http://earchive.tpu.ru/bitstream/11683/4900/1/bulletin_tpu-2013-323-1-16.pdf
Format: MixedMaterials Electronisk Book Chapter
KOHA link:https://koha.lib.tpu.ru/cgi-bin/koha/opac-detail.pl?biblionumber=242950

MARC

LEADER 00000nla2a2200000 4500
001 242950
005 20231031210311.0
035 |a (RuTPU)RU\TPU\book\264272 
035 |a RU\TPU\book\264270 
090 |a 242950 
100 |a 20130912d2013 k y0rusy50 ca 
101 0 |a rus 
102 |a RU 
135 |a drnn ---uucaa 
181 0 |a i  
182 0 |a b 
200 1 |a Связь нефтенасыщения карбонатных коллекторов с процессами формирования пустотного пространства (на примере древних отложений Восточной Сибири)  |b Электронный ресурс  |f М. Н. Лемешко, Е. А. Жуковская, И. В. Вараксина 
203 |a Текст  |c электронный 
215 |a 1 файл (2.6 Мб) 
225 1 |a Литология 
230 |a Электронные текстовые данные (1 файл : 2.6 Мб) 
300 |a Заглавие с титульного листа 
300 |a Электронная версия печатной публикации 
320 |a [Библиогр.: с. 98 (2 назв.)] 
330 |a Определены и охарактеризованы литогенетические типы венд-кембрийских отложений усть-кутского горизонта скважины В, кратко описаны условия их осадконакопления, проведена оценка нефтенасыщения пород по результатам люминесцентно-микроскопического анализа. При помощи специализированного программного обеспечения "Керн С7" по петрографическим шлифам выделено 3 интервала повышенной пористости. Рассмотрена связь нефтенасыщения с литогенетическими типами карбонатных пород, фильтрационно-емкостными свойствами и вторичными процессами преобразования отложений. 
337 |a Adobe Reader 
461 1 |0 (RuTPU)RU\TPU\book\176237  |t Известия Томского политехнического университета [Известия ТПУ]  |f Томский политехнический университет (ТПУ)  |d 2000- 
463 1 |0 (RuTPU)RU\TPU\book\264203  |x 1684-8519  |t Т. 323, № 1 : Науки о Земле  |v [С. 93-98]  |d 2013  |p 249 с. 
610 1 |a доломиты 
610 1 |a породы-коллекторы 
610 1 |a литогенетические типы 
610 1 |a усть-кутский горизонт 
610 1 |a карбонатные коллекторы 
610 1 |a нефтенасыщенность 
610 1 |a пустотные пространства 
610 1 |a формирование 
610 1 |a процессы 
610 1 |a древние отложения 
610 1 |a Восточная Сибирь 
610 1 |a труды учёных ТПУ 
610 1 |a электронный ресурс 
700 1 |a Лемешко  |b М. Н.  |g Мария Николаевна 
701 1 |a Жуковская  |b Е. А.  |g Елена Анатольевна 
701 1 |a Вараксина  |b И. В.  |g Ирина Валерьевна 
801 1 |a RU  |b 63413507  |c 20090623  |g PSBO 
801 2 |a RU  |b 63413507  |c 20190517  |g PSBO 
856 4 |u http://earchive.tpu.ru/bitstream/11683/4900/1/bulletin_tpu-2013-323-1-16.pdf 
942 |c CF